From local amateurs to local animateurs? Decade of experience with RDA model in Slovakia

Salvato in:
Dettagli Bibliografici
Autore principale: Sirák, Martin
Altri autori: Sekerešová, Eva, 1975-
Natura: Capitolo di libro
Lingua:inglese
Tags: Aggiungi Tag
Nessun Tag, puoi essere il primo ad aggiungerne!!

MARC

LEADER 00000nla$a2200000$$$4500
001 0064235
005 20240502071742.5
041 0 |a eng 
044 |a SK 
245 1 0 |a From local amateurs to local animateurs? Decade of experience with RDA model in Slovakia  |c Martin Sirák, Eva Sekerešová 
100 1 |a Sirák, Martin 
700 1 |a Sekerešová, Eva, 1975-